00687cam a2200217 a 450000100100000000500170001000800410002704000300006804300090009808200180010724500920012526000390021730000250025649000110028150400740029265000200036665000240038670000270041070000210043783000110045800001737820200929165108.0780202s1976 ja b 000 0 eng d aDO-SdBNPcDLCdDLCdBNPHU aa-ja a895.65bA652m00aApproaches to the modern Japanese novel /ceditado por Kinya Tsuruta & Thomas E. Swann. aTokyo :bSophia University,c1976. aii, 244 p. ;c21 cm.1 aSophia aIncluye referencias bibliográficas y notas al pie de las páginas. 4aNovela japonesa 4aLiteratura japonesa1 aTsuruta, Kinya,d1932-1 aSwann, Thomas E. 0aSophia